Państwa graniczące z Laosem - Statystyki

Ogólne statystyki
  • Ten quiz został rozwiązany 53 razy
  • Średni wynik to 5 z 5
Statystyki odpowiedzi
Długość granicy Państwo % Poprawnych
2130 km Wietnam
100%
1754 km Tajlandia
98%
423 km Chiny
96%
541 km Kambodża
94%
235 km Mjanma
90%
Nie znaleziono quizów pasujących do podanych kryteriów
Rozkład punktacji
Procent ludzi z każdym wynikiem
Percentyl według liczby udzielonych odpowiedzi
Twoja historia wyników
Nie rozwiązałeś tego quizu